000 00570pam a2200193 4500
001 1941
005 20181127164245.0
008 981104s1999 caua 001 0 eng
010 _a 98049807
020 _a0534359485
100 1 _aStewart, James,
_d1941-
245 1 0 _aMultivariable calculus /
_cJames Stewart.
250 _a4th ed.
260 _aPacific Grove, CA :
_bBrooks/Cole,
_cc1999.
300 _axxvi p., p. 675-1185, 45 p. :
_bill. (some col.) ;
_c26 cm.
500 _a""A Gary W. Ostedt book""--T.p. verso.
500 _aIncludes index.
650 0 _aCalculus.
999 _c1494
_d1494